Niekoľko úvah o trenej zodpovednosti právnických osôb
Otázky trestnej zodpovednosti právnických osôb predovšetkým ku vzťahu k základným princípom, výpočtu trestných činov a inštitútu účinnej ľútosti.
Guardado en:
| Autor principal: | |
|---|---|
| Formato: | Capítulo de libro |
| Lenguaje: | eslovaco |
| Materias: | |
| Etiquetas: |
Sin Etiquetas, Sea el primero en etiquetar este registro!
|
MARC
| LEADER | 00000naa a2200000 4500 | ||
|---|---|---|---|
| 001 | 0240949 | ||
| 005 | 20250729111752.8 | ||
| 041 | 0 | |a slo | |
| 044 | |a SK | ||
| 245 | 1 | 0 | |a Niekoľko úvah o trenej zodpovednosti právnických osôb |c Lukáš Turay |
| 520 | |a Otázky trestnej zodpovednosti právnických osôb predovšetkým ku vzťahu k základným princípom, výpočtu trestných činov a inštitútu účinnej ľútosti. | ||
| 610 | 2 | 0 | |a zodpovednosť právna |
| 610 | 2 | 0 | |a zodpovednosť trestná |
| 610 | 2 | 0 | |a osoby právnické |
| 610 | 2 | 0 | |a činy trestné |
| 610 | 2 | 0 | |a Slovensko |
| 100 | 1 | |a Turay, Lukáš | |